Quelle est sa capitale - Statistiques

Statistiques générales
  • Ce quiz a été pris 264 fois
  • Le résultat moyen est 35 sur 45
Statistiques - réponses
Hint Réponse % Correct
Espagne Madrid
100%
France Paris
100%
Italie Rome
100%
Belgique Bruxelles
99%
USA Washington DC
99%
Mexique Mexico City
98%
Japon Tokyo
98%
Algérie Alger
97%
Grèce Athènes
97%
Portugal Lisbonne
96%
Brésil Brasilia
94%
Chine Pékin
94%
Canada Ottawa
93%
Egypte Le Caire
92%
Tunisie Tunis
92%
Autriche Vienne
90%
Corée du Sud Séoul
89%
Suisse Berne
88%
Argentine Buenos Aires
88%
Irlande Dublin
88%
Pays bas Amsterdam
87%
Australie Canberra
86%
Inde New Delhi
86%
Maroc Rabat
84%
Suède Stockholm
83%
Pologne Varsovie
83%
Croatie Zagreb
80%
Hongrie Budapest
79%
Danemark Copenhague
77%
Roumanie Bucarest
76%
Bulgarie Sofia
76%
République tchèque Prague
72%
Chili Santiago
69%
Thailande Bangkok
67%
Liban Beyrouth
65%
Qatar Doha
62%
Slovénie Ljubljana
54%
Afrique du Sud Pretoria
54%
Chypre Nicosie
51%
Kenya Nairobi
50%
Vietnam Hanoi
46%
Ethiopie Addis Abeba
39%
Ghana Accra
33%
Togo Lomé
33%
Bénin Porto Novo
25%
Aucun quiz correspondant
Distribution des résultats
% des personnes avec chaque résultat
Percentile par nombre de réponses
Votre historique - résultats
Vous n’avez pas pris ce quiz